000 00919nam a2200205Ia 4500
003 OSt
005 20241121093152.0
007 ca aa aaaaa
008 201103s9999 xx 000 0 und d
040 _cSSBUL
041 _abur
082 _a၂၉၄.၃၈၄ မ
_223
_b၉၃၇၇ S-SAT
100 _a မဟာသံဃရာဇာသာသနာပိုင်ဆရာတော်
245 0 _aဥပဒေ/
_cမဟာသံဃရာသာသနာပိုင်ဆရာတော်
260 _aမန္တလေး ၊
_bမြန်မာ့တာရာသတင်းစာပုံနှိပ်တိုက်၊
_c၁၉၀၅။
300 _aခ၊ ၅၀ စာမျက်နှာ၊
_c၂၁ စင်တီ။
500 _aS-SAT: Dr.Sai Aung Tun Collection
650 _aဗုဒ္ဓဘာသာ
_xဥပဒေနှင့်ဥပဒေပြုခြင်း
942 _2ddc
_cBK1
999 _c16882
_d16882